[Event "It (open)"]
[Site "masterchessopen.com – Salgotarjan (Hungary)"]
[Round "3"]
[White "Horvath Gyula (HUN)"]
[Black "Krutti Valer (HUN)"]
[Result "1-0"]
[WhiteElo "2460"]
[BlackElo "2310"]

1.e4 c5 2.Nc3 Nc6 3.Nf3 d6 4.d4 cxd4 5.Nxd4 Nf6 6.Bc4 Qb6 7.Nb3 e6 8.Be3 Qc7
9.f4 a6 10.Qf3 b5 11.Bd3 Bb7 12.O-O-O Be7 13.Kb1 O-O-O 14.Qg3 Rhg8 15.Rhe1 h6
16.Bg1 g5 17.f5 e5 18.Nd5 Nxd5 19.exd5 Nb4 20.Be4 a5 21.f6 Bf8 22.Qf2 {#r} 1-0

[Event "It (open) \"]
[Site "masterchessopen.com – Spain"]
[Round "0"]
[White "Llanes Luno Ricardo (ESP)"]
[Black "Colas Longares Rafael P (ESP)"]
[Result "0-1"]
[WhiteElo "2203"]
[BlackElo "2315"]

1.e4 c5 2.Nf3 Nc6 3.d4 cxd4 4.Nxd4 Nf6 5.Nc3 d6 6.Bc4 e5 7.Nf5 Be6 8.Ne3 Bxc4
9.Nxc4 Nxe4 10.Nxe4 d5 11.Bg5 Qd7 12.Qe2 Qe6 13.Ne3 dxe4 14.Qb5 f6 15.Nd5
O-O-O 16.O-O-O fxg5 17.c3 Kb8 18.Rhe1 Nd4 19.Rxd4 exd4 {#R} 0-1

[Event "Memorial M.Chigorin"]
[Site "masterchessopen.com – St. Petersburg (Russia)"]
[Round "9"]
[White "Macieja Bartlomiej (POL)"]
[Black "Bets Anatolij (MDA)"]
[Result "1-0"]
[WhiteElo "2470"]
[BlackElo "2350"]

1.e4 c5 2.Nf3 Nc6 3.d4 cxd4 4.Nxd4 Nf6 5.Nc3 d6 6.Bc4 Qb6 7.Ndb5 a6 8.Be3 Qa5
9.Nd4 e6 10.O-O Be7 11.Bb3 O-O 12.f4 Nxd4 13.Bxd4 e5 14.fxe5 dxe5 15.Be3 Ng4
16.Qd5 Qxd5 17.Nxd5 Bd6 18.Bb6 Be6 19.Rad1 Rac8 20.h3 Bxd5 21.Rxd5 Nf6 22.Rxd6
Nxe4 23.Rd7 Nf6 24.Rxb7 Rc6 {#r} 1-0

[Event "Ch Europe (juniors) (under 14)"]
[Site "masterchessopen.com – Tallinn (Estonia)"]
[Round "9"]
[White "Valev Martin (BUL)"]
[Black "Dziuba Marcin (POL)"]
[Result "0-1"]
[WhiteElo "2206"]
[BlackElo "2170"]

1.e4 c5 2.Nf3 d6 3.d4 cxd4 4.Nxd4 Nf6 5.Nc3 Nc6 6.Bc4 Qb6 7.Nb3 e6 8.Be3 Qc7
9.f4 a6 10.Qf3 b5 11.Bd3 Bb7 12.O-O g6 13.Qh3 Bg7 14.Rae1 O-O 15.Qh4 Nb4 16.a3
Nxd3 17.cxd3 Rae8 {#R} 0-1

[Event "It (open)"]
[Site "masterchessopen.com – Villa Ballester (Argentina)"]
[Round "1"]
[White "Guzman Haensch Hugo (CHI)"]
[Black "Sorokin Maxim (RUS)"]
[Result "0-1"]
[WhiteElo "2070"]
[BlackElo "2555"]

1.e4 c5 2.Nf3 Nc6 3.d4 cxd4 4.Nxd4 Nf6 5.Nc3 d6 6.Bc4 Qb6 7.Nde2 e6 8.Bb3 Be7
9.Be3 Qc7 10.Qd2 a6 11.f3 b5 12.O-O-O b4 13.Na4 Rb8 14.g4 Ne5 15.Nd4 Nc4
16.Qe2 Nxe3 17.Qxe3 Bd7 18.g5 Nh5 19.f4 Qa5 20.Qf3 Nxf4 21.Qxf4 Bxg5 {#R} 0-1

[Event "It (cat.16)"]
[Site "masterchessopen.com – Wijk aan Zee (Netherlands)"]
[Round "8"]
[White "Onischuk Alexander (USA)"]
[Black "Yermolinsky Alex (USA)"]
[Result "1-0"]
[WhiteElo "2625"]
[BlackElo "2650"]

1.e4 c5 2.Nf3 d6 3.d4 cxd4 4.Nxd4 Nf6 5.Nc3 Nc6 6.Bc4 Qb6 7.Ndb5 a6 8.Be3 Qa5
9.Nd4 Nxd4 10.Bxd4 { ! ? } 10...e5 ( 10...Nxe4 { ?! } 11.O-O Nxc3 12.Bxc3 Qc7
13.Bb3 { ? } ) 11.Be3 Be6 12.Qd3 ( 12.Bxe6 fxe6 13.O-O Be7 { = } ) 12...Rc8 (
12...Be7 13.O-O Rc8 14.Bb3 { ± } ) 13.Bxe6 fxe6 14.Bg5 Kf7 { !? } ( 14...Be7
15.Bxf6 gxf6 16.O-O-O { ± } ) 15.O-O-O Be7 16.Qf3 { !? } 16...Rxc3 { ?! } (
16...Rc6 17.g4 h6 18.h4 { ! } ( 18.Bxf6 Bxf6 19.h4 g5 { ! } ) 18...hxg5
19.hxg5 Rxh1 20.Rxh1 Kg8 21.gxf6 Bxf6 22.Qh3 Bg5+ 23.Kb1 Kf7 24.Qh5+ Kf6
25.Rh3 { ± } ) 17.bxc3 Qxa2 { ? } ( 17...Rc8 18.Rd3 Qxa2 19.g4 h6 20.Bxf6 Bxf6
21.h4 Ke7 { ± } ) 18.Bxf6 Bxf6 19.g4 Rc8 { ? } ( 19...Ke7 20.h4 h6 21.Qe3 g5
22.Qb6 { +?? } ) 20.g5 Rxc3 21.Qxc3 Bxg5+ 22.Rd2 d5 23.f4 Be7 24.Rf1 { } {#r}
1-0

[Event "Ch Aragon"]
[Site "masterchessopen.com – Aragon (Spain)"]
[Round "0"]
[White "Gomez Zazurca Rodolfo (ESP)"]
[Black "Baron Rodriguez Jorge (ESP)"]
[Result "0-1"]
[WhiteElo "1822"]
[BlackElo "2283"]

1.e4 c5 2.Nf3 d6 3.d4 cxd4 4.Nxd4 Nf6 5.Nc3 Nc6 6.Bc4 Qb6 7.Nb3 e6 8.Bf4 Ne5
9.Be2 Bd7 10.Be3 Qc7 11.O-O Nc4 12.Bxc4 Qxc4 13.f3 Be7 14.Qd2 b5 15.a4 b4
16.Nb5 Bxb5 17.axb5 Qxb5 18.Ra5 Qc4 19.Rfa1 a6 20.Rg5 O-O 21.Na5 Qc7 22.Qxb4
d5 23.Qd4 dxe4 24.fxe4 Qxc2 25.e5 Nd5 26.Rc1 Bxg5 27.Bxg5 {#R} 0-1

[Event "Ch Asturias (juniors) (under 18)"]
[Site "masterchessopen.com – Asturias (Spain)"]
[Round "3"]
[White "Villafane Roca Hugo (ESP)"]
[Black "Ortiz Fernandez-Vega A (ESP)"]
[Result "1-0"]
[WhiteElo "2225"]
[BlackElo "2154"]

1.e4 c5 2.Nc3 Nc6 3.Nge2 d6 4.d4 cxd4 5.Nxd4 Nf6 6.Bc4 g6 7.Nxc6 bxc6 8.e5 Ng4
9.exd6 exd6 10.O-O d5 11.Re1+ Be7 12.Be2 h5 13.h3 Nf6 14.Bf3 Ba6 15.Bg5 O-O
16.Qd4 Kg7 17.Bxd5 Bb7 18.Rxe7 {#r} 1-0

[Event "Staatsliga B South 1997/98"]
[Site "masterchessopen.com – Austria"]
[Round "11"]
[White "Ceschia Ivano (ITA)"]
[Black "Pilaj Herwig (AUT)"]
[Result "0-1"]
[WhiteElo "2330"]
[BlackElo "2215"]

1.e4 c5 2.Nf3 Nc6 3.d4 cxd4 4.Nxd4 Nf6 5.Nc3 d6 6.Bc4 Qb6 7.Nb3 e6 8.O-O Be7
9.Be3 Qc7 10.f4 Nxe4 11.Nxe4 d5 12.Bd3 dxe4 13.Bxe4 O-O 14.Qf3 Bd7 15.c3 Rad8
16.Nc5 f5 17.Bc2 Bxc5 18.Bxc5 Ne5 19.Qf2 Ng4 20.Qd4 Bc6 21.Qb4 Rd2 22.Rf3 a5
23.Qa3 Bxf3 24.gxf3 Qxf4 {#R} 0-1

[Event "It (open)"]
[Site "masterchessopen.com – Dieren (Netherlands)"]
[Round "3"]
[White "Bosch Jeroen (NED)"]
[Black "Van Delft Merijn (NED)"]
[Result "1-0"]
[WhiteElo "2480"]
[BlackElo "2245"]

1.e4 c5 2.Nf3 d6 3.d4 Nf6 4.Nc3 cxd4 5.Nxd4 Nc6 6.Bc4 Qb6 7.Nxc6 bxc6 8.O-O e5
9.Bg5 Qxb2 10.Qd3 Qb6 11.Bxf6 gxf6 12.Nd5 Qd8 13.Rab1 Bg7 14.Nb4 O-O 15.Nxc6
Qc7 16.Bd5 Be6 17.Qa6 Kh8 18.Rb7 Qc8 19.c4 f5 20.Ne7 Qc5 21.Rb5 Qd4 22.Nxf5
Qd2 23.Nxg7 Rg8 24.Nf5 {#r} 1-0

[Event "It (open) (a)"]
[Site "masterchessopen.com – Eforie Nord (Romania)"]
[Round "0"]
[White "Konotop Sergei (RUS)"]
[Black "Breahna Radu (ROM)"]
[Result "0-1"]
[WhiteElo "2310"]
[BlackElo "2345"]

1.e4 c5 2.Nf3 d6 3.d4 Nf6 4.Nc3 cxd4 5.Nxd4 Nc6 6.Bc4 Qb6 7.Be3 Qxb2 8.Ndb5
Qb4 9.Qe2 Nxe4 10.Bd4 Bf5 11.Rd1 Nxd4 12.Rxd4 Nxc3 13.Nxd6+ Qxd6 14.Rxd6 Nxe2
15.Bb5+ Bd7 16.Bxd7+ Kd8 17.Rd2 Nc3 18.Rd3 Kc7 {#R} 0-1

[Event "Olympiad"]
[Site "masterchessopen.com – Elista (Russia)"]
[Round "1"]
[White "Gallego Ruben (AND)"]
[Black "Bacrot Etienne (FRA)"]
[Result "0-1"]
[WhiteElo "2305"]
[BlackElo "2555"]

1.e4 c5 2.Nf3 d6 3.d4 cxd4 4.Nxd4 Nf6 5.Nc3 Nc6 6.Bc4 Qb6 7.Nb3 e6 8.O-O a6
9.a4 Qc7 10.Be2 b6 11.f4 Be7 12.Bf3 Rb8 13.Kh1 Nd7 14.Qe2 O-O 15.Be3 Bf6
16.Rad1 Rd8 17.g4 Bxc3 18.bxc3 Na5 19.Bg2 Bb7 20.Nxa5 bxa5 21.f5 Re8 22.f6
Nxf6 23.Rxf6 gxf6 24.Qf2 e5 25.Rd3 Qc4 26.Bh6 Bxe4 {#R} 0-1

[Event "Ch ACT \"]
[Site "masterchessopen.com – Erindale (Australia)"]
[Round "3"]
[White "Ransom Gail"]
[Black "De Noskowski Adrian (AUS)"]
[Result "0-1"]
[WhiteElo "1405"]
[BlackElo "1913"]

1.e4 c5 2.Nf3 Nc6 3.d4 cxd4 4.Nxd4 Nf6 5.Nc3 d6 6.Bc4 Qb6 7.Nf3 a6 8.O-O e6
9.Bb3 Be7 10.Be3 Qc7 11.Qe2 b5 12.a3 Bb7 13.Ng5 Bc8 14.f4 h6 15.Qf2 Ng4 16.Qg3
Nxe3 17.Qxe3 hxg5 18.fxg5 Qa7 19.Qxa7 Rxa7 20.g6 fxg6 21.Rf4 g5 22.Rff1 Bf6
23.Rad1 Be5 24.g3 Rf7 25.Rxf7 Kxf7 26.Rf1+ Ke7 27.Kg2 Nd4 {#R} 0-1

[Event "Ch City"]
[Site "masterchessopen.com – Finistere (France)"]
[Round "0"]
[White "Le Goff Damien (FRA)"]
[Black "Guyader Thierry (FRA)"]
[Result "0-1"]
[WhiteElo "2261"]
[BlackElo "2119"]

1.e4 c5 2.Nf3 Nc6 3.d4 cxd4 4.Nxd4 Nf6 5.Nc3 d6 6.Bc4 Qb6 7.Be3 Qxb2 8.Nde2
Qb4 9.Bd3 g6 10.O-O Bg7 11.Rb1 Qa5 12.Bd2 Qd8 13.Ng3 O-O 14.Qe2 b6 15.f4 Nd4
16.Qe3 Ng4 17.Qe1 e5 18.fxe5 Bxe5 19.Nce2 Nxh2 20.Kxh2 Qh4+ 21.Kg1 Nxe2+
22.Qxe2 Bxg3 {#R} 0-1

[Event "It (open)"]
[Site "masterchessopen.com – Foment (Spain)"]
[Round "0"]
[White "Movsziszian Karen (ARM)"]
[Black "Yepes Martinez Eduard (ESP)"]
[Result "1-0"]
[WhiteElo "2525"]
[BlackElo "2220"]

1.Nf3 c5 2.e4 Nc6 3.d4 cxd4 4.Nxd4 Nf6 5.Nc3 d6 6.Bc4 Bd7 7.Bb3 g6 8.Bg5 Bg7
9.O-O Qa5 10.Nd5 Nxd5 11.Nxc6 bxc6 12.exd5 cxd5 13.Bxd5 Rb8 14.Re1 Be6 15.Bc6+
Kf8 16.Bf4 Qc5 17.Qf3 Rb6 18.Ba4 Qd5 19.Qg3 Bxb2 20.Bh6+ Kg8 21.Rad1 Qh5
22.Be3 Rb4 23.Bb3 Bc3 24.Bd2 Be5 25.f4 Bd4+ 26.Kh1 Bxb3 27.Bxb4 {#r} 1-0

[Event "It \"]
[Site "masterchessopen.com – Germany"]
[Round "7"]
[White "Galdunts Sergey (ARM)"]
[Black "De Gleria Francesco (GER)"]
[Result "0-1"]
[WhiteElo "2465"]
[BlackElo "2370"]

1.e4 c5 2.Nc3 Nc6 3.Nge2 d6 4.d4 cxd4 5.Nxd4 Nf6 6.Bc4 Qb6 7.Nb3 e6 8.O-O Be7
9.Bg5 Ne5 10.Be2 O-O 11.Kh1 a6 12.f4 Ng6 13.Bh5 h6 14.f5 Ne5 15.Bh4 Bd7 16.Qe2
Rac8 17.Rad1 Rxc3 18.Bxf6 Re3 19.Bxe7 Rxe2 20.Bxe2 Rc8 21.Bxd6 Rxc2 22.Bxe5
Rxe2 23.Rxd7 Qf2 {#R} 0-1

[Event "Verbandsliga North 1997/98"]
[Site "masterchessopen.com – Germany"]
[Round "0"]
[White "Joao Cesar"]
[Black "Schulte Torsten (GER)"]
[Result "0-1"]
[WhiteElo "2150"]
[BlackElo "2164"]

1.e4 c5 2.Nf3 d6 3.d4 cxd4 4.Nxd4 Nf6 5.Nc3 Nc6 6.Bc4 Qb6 7.Nb3 e6 8.Be3 Qc7
9.O-O a6 10.f4 b5 11.Bd3 Be7 12.Kh1 Bb7 13.f5 Ne5 14.fxe6 fxe6 15.Nd4 Qd7
16.Bg5 O-O 17.Nf3 Nxf3 18.Rxf3 b4 19.Rh3 bxc3 20.e5 cxb2 21.exf6 bxa1=Q
22.Bxh7+ Kf7 23.Qxa1 Bxf6 24.Bxf6 gxf6 25.Rh6 Ke7 26.Qd4 Qb5 27.c4 Qg5 {#R}
0-1

[Event "It (open)"]
[Site "masterchessopen.com – Helsinki (Finland)"]
[Round "5"]
[White "Haapasalo Jukka-Pekka (FIN)"]
[Black "Sorsa Miitrei (FIN)"]
[Result "1-0"]
[WhiteElo "2084"]
[BlackElo "2158"]

1.e4 c5 2.Nf3 d6 3.d4 cxd4 4.Nxd4 Nf6 5.Nc3 Nc6 6.Bc4 Qb6 7.Nxc6 bxc6 8.O-O e6
9.Qe2 Nd7 10.Na4 Qa5 11.b3 Be7 12.f4 O-O 13.Bd3 Rd8 14.Bb2 Bf8 15.Rf3 d5
16.exd5 cxd5 17.Rh3 g6 18.Bxg6 Bc5+ 19.Kh1 e5 20.Bxh7+ Kf8 21.fxe5 Re8 22.Rf1
d4 23.e6 {#r} 1-0

[Event "Ch Croatia (juniors) (under 19)"]
[Site "masterchessopen.com – Hvar (Croatia)"]
[Round "6"]
[White "Jovanovic Zoran (CRO)"]
[Black "Brulic Denis (CRO)"]
[Result "1-0"]
[WhiteElo "2260"]
[BlackElo "2303"]

1.e4 c5 2.Nf3 Nc6 3.Nc3 d6 4.d4 cxd4 5.Nxd4 Nf6 6.Bc4 Qb6 7.Nb3 e6 8.Be3 Qc7
9.Bd3 a6 10.O-O d5 11.exd5 exd5 12.Re1 Be6 13.Nd4 Bd6 14.h3 O-O 15.Qd2 Ne5
16.Bg5 Nh5 17.Be2 Nf6 18.Bxf6 gxf6 19.Qh6 Ng6 20.Nxd5 Qd8 21.Bh5 Be5 22.Nxe6
fxe6 23.Bxg6 hxg6 24.Qxg6+ Kh8 25.Re4 {#r} 1-0

[Event "It (open)"]
[Site "masterchessopen.com – Koszalin (Poland)"]
[Round "10"]
[White "Jaracz Pawel (POL)"]
[Black "Prokopchuk Evgeny (RUS)"]
[Result "1-0"]
[WhiteElo "2465"]
[BlackElo "2495"]

1.e4 c5 2.Nf3 d6 3.d4 cxd4 4.Nxd4 Nf6 5.Nc3 Nc6 6.Bc4 Qb6 7.Nxc6 bxc6 8.O-O e6
9.Qe2 Nd7 10.b3 Be7 11.Bb2 O-O 12.Na4 Qc7 13.f4 a5 14.Rf3 d5 15.Bd3 Ba6 16.c4
dxc4 17.Bxc4 Nb6 18.Rg3 g6 19.Qh5 Qxf4 20.Nxb6 {#r} 1-0

[Event "Ch Malaga"]
[Site "masterchessopen.com – Malaga (Spain)"]
[Round "7"]
[White "Sanjuan Garcia Miguel (ESP)"]
[Black "Campos Alarcon Rafel (ESP)"]
[Result "1-0"]
[WhiteElo "2122"]
[BlackElo "2119"]

1.e4 c5 2.Nf3 Nc6 3.Nc3 d6 4.d4 cxd4 5.Nxd4 Nf6 6.Bc4 e5 7.Nde2 Be6 8.Bd5 Be7
9.O-O Bxd5 10.exd5 Nb8 11.Ng3 O-O 12.Nf5 Re8 13.Qf3 Nbd7 14.Bg5 Nb6 15.Qg3 g6
16.Nxe7+ Qxe7 17.Qh4 Nbd7 18.Ne4 Kg7 19.f4 {#r} 1-0

[Event "Ch World (juniors) (under 18)"]
[Site "masterchessopen.com – Marina d'Or (Spain)"]
[Round "3"]
[White "Reinaldo Castineira Roi (ESP)"]
[Black "Uribe Mauricio (COL)"]
[Result "1-0"]
[WhiteElo "2325"]
[BlackElo "2200"]

1.e4 c5 2.Nf3 Nc6 3.d4 cxd4 4.Nxd4 Nf6 5.Nc3 d6 6.Bc4 Qb6 7.Nb3 e6 8.O-O Be7
9.Be3 Qc7 10.Bd3 O-O 11.f4 a6 12.g4 Nd7 13.g5 Re8 14.Qh5 g6 15.Qh4 Nb4 16.Rf3
f5 17.exf5 gxf5 18.Rh3 Nf8 19.Qh5 Rd8 20.Kf2 e5 21.Rg1 Be6 22.g6 Nxd3+ 23.cxd3
Bf6 24.gxh7+ Kh8 25.Qh6 Nd7 26.Rhg3 {#r} 1-0

[Event "Ch Milanowek"]
[Site "masterchessopen.com – Milanowek (Poland)"]
[Round "0"]
[White "Godlewski Artur (POL)"]
[Black "Kowalska Elzbieta (POL)"]
[Result "0-1"]
[WhiteElo "2126"]
[BlackElo "1927"]

1.e4 c5 2.Nf3 Nc6 3.d4 cxd4 4.Nxd4 Nf6 5.Nc3 d6 6.Bc4 Bd7 7.Bg5 e6 8.Ndb5 Qb8
9.Bf4 Ne5 10.Bb3 a6 11.Nd4 Be7 12.Qd2 b5 13.f3 Nc4 14.Bxc4 bxc4 15.Be3 O-O
16.O-O Qxb2 17.g4 Rfb8 18.g5 Ne8 19.f4 Bf8 20.Rae1 Qb4 21.Rf3 Qa5 22.Ref1 f5
23.exf5 exf5 24.Rh3 Nc7 {#R} 0-1

[Event "Ch Europe (juniors) (under 16) (g)"]
[Site "masterchessopen.com – Mureck (Austria)"]
[Round "1"]
[White "Balkhamishvili Tamar (GEO)"]
[Black "Rutherford Elaine (SCO)"]
[Result "1-0"]
[WhiteElo "2035"]
[BlackElo "2084"]

1.e4 c5 2.Nf3 Nc6 3.d4 cxd4 4.Nxd4 Nf6 5.Nc3 d6 6.Bc4 g6 7.Nxc6 bxc6 8.e5 Ng4
9.exd6 exd6 10.O-O Qh4 11.Bf4 Qf6 12.Re1+ Kd8 13.Qd2 Be7 14.Ne4 Qf5 15.Nxd6
Bxd6 16.Qxd6+ Bd7 17.Qc7# 1-0

[Event "Ch Europe (juniors) (under 18)"]
[Site "masterchessopen.com – Mureck (Austria)"]
[Round "9"]
[White "Blehm Pawel (POL)"]
[Black "Atakisi Umut (TUR)"]
[Result "1-0"]
[WhiteElo "2420"]
[BlackElo "2225"]

1.e4 c5 2.Nf3 Nc6 3.d4 cxd4 4.Nxd4 Nf6 5.Nc3 d6 6.Bc4 Qb6 7.Nxc6 bxc6 8.O-O e6
9.Qe2 Nd7 10.b3 Be7 11.Bb2 O-O 12.Na4 Qc7 13.f4 Bf6 14.Bxf6 Nxf6 15.e5 Nd5
16.Bd3 Nb6 17.exd6 Qxd6 18.Rad1 Qc7 19.Nb2 Nd5 20.Qf2 Qb6 21.Na4 Qa5 22.c4 Nb4
23.Qe1 c5 24.a3 Nc6 25.Qe4 {#r} 1-0

[Event "It (open)"]
[Site "masterchessopen.com – Pardubice (Czech Republic)"]
[Round "5"]
[White "Sluka Radek (CZE)"]
[Black "Kalygin Sergey V (RUS)"]
[Result "1-0"]
[WhiteElo "2380"]
[BlackElo "2475"]

1.e4 c5 2.Nf3 Nc6 3.d4 cxd4 4.Nxd4 Nf6 5.Nc3 d6 6.Bc4 Qb6 7.Nde2 e6 8.O-O Be7
9.Bb3 O-O 10.Kh1 Qa5 11.Ng3 b5 12.f4 b4 13.Nce2 h5 14.f5 h4 15.fxe6 Bxe6
16.Nf5 Nxe4 17.Ned4 Bf6 18.Nxe6 Rfe8 19.Nfxg7 fxe6 20.Nxe8 Rxe8 21.Qg4+ {#r}
1-0

[Event "Cup Russia"]
[Site "masterchessopen.com – Perm (Russia)"]
[Round "4"]
[White "Kupreichik Viktor D (BLR)"]
[Black "Lopushnoy Denis (RUS)"]
[Result "1-0"]
[WhiteElo "2505"]
[BlackElo "2415"]

1.e4 c5 2.Nf3 Nc6 3.d4 cxd4 4.Nxd4 Nf6 5.Nc3 d6 6.Bc4 Qb6 7.Nb3 e6 8.Bf4 Ne5
9.Be2 Bd7 10.Qd2 Be7 11.O-O-O O-O 12.g4 Nexg4 13.Bxg4 Nxg4 14.Rhg1 Nf6 15.e5
Ne8 16.exd6 Bd8 17.Ne4 a5 18.Nbc5 Qc6 19.Bh6 Kh8 20.Bxg7+ Nxg7 21.Rxg7 Kxg7
22.Rg1+ {#r} 1-0

[Event "It (open)"]
[Site "masterchessopen.com – Polanica Zdroj (Poland)"]
[Round "0"]
[White "Onoprienko Vladimir (RUS)"]
[Black "Abbasov Farid (AZE)"]
[Result "1-0"]
[WhiteElo "2370"]
[BlackElo "2290"]

1.e4 c5 2.Nc3 Nc6 3.Nf3 d6 4.d4 cxd4 5.Nxd4 Nf6 6.Bc4 Qb6 7.Nxc6 bxc6 8.O-O g6
9.Bb3 Bg7 10.Be3 Qc7 11.h3 O-O 12.Qd2 Re8 13.f4 a5 14.a4 Rb8 15.Rae1 Rb4 16.f5
Rf8 17.Bh6 Qb6+ 18.Rf2 Ba6 19.Bxg7 Kxg7 20.e5 dxe5 21.Rxe5 Ne8 22.Rxe7 Qc5
23.Re1 Bc8 24.Ne4 Qd4 25.f6+ Kh8 26.Qxd4 Rxd4 27.Ng5 {#r} 1-0

[Event "It (open)"]
[Site "masterchessopen.com – San Jose (Costa Rica)"]
[Round "7"]
[White "Lopez Gracia Fernando (ESP)"]
[Black "Gracia Suarez Jesus (ESP)"]
[Result "1-0"]
[WhiteElo "2311"]
[BlackElo "2138"]

1.e4 c5 2.Nf3 Nc6 3.d4 cxd4 4.Nxd4 Nf6 5.Nc3 d6 6.Bc4 Bd7 7.O-O g6 8.Be3 Ng4
9.Nxc6 bxc6 10.Qd4 e5 11.Qd3 Qh4 12.h3 Nxe3 13.fxe3 f5 14.b4 O-O-O 15.Ba6+ Kb8
16.b5 fxe4 17.Qc4 d5 18.Qb3 Ka8 19.Nxd5 Bd6 20.b6 {#r} 1-0

[Event "Ch Pfalz (juniors) (under 17)"]
[Site "masterchessopen.com – Sargenroth (Germany)"]
[Round "7"]
[White "Paul Mathias (GER)"]
[Black "Hauck Bjoern (GER)"]
[Result "0-1"]
[WhiteElo "2068"]
[BlackElo "1893"]

1.e4 c5 2.Nf3 d6 3.d4 cxd4 4.Nxd4 Nf6 5.Nc3 Nc6 6.Bc4 g6 7.O-O Bg7 8.Be3 O-O
9.h3 Bd7 10.Qf3 Ne5 11.Qg3 Nxc4 12.b3 Nb6 13.Nf3 Rc8 {#R} 0-1

[Event "It (open) \"]
[Site "masterchessopen.com – St. Petersburg (Russia)"]
[Round "6"]
[White "Anisimov Pavel (RUS)"]
[Black "Kostyuchenko Vladimir (RUS)"]
[Result "1-0"]
[WhiteElo "2195"]
[BlackElo "2240"]

1.e4 c5 2.Nf3 Nc6 3.d4 cxd4 4.Nxd4 Nf6 5.Nc3 d6 6.Bc4 Qb6 7.Nb3 e6 8.O-O Be7
9.Be3 Qc7 10.f4 a6 11.a4 O-O 12.a5 Nxa5 13.Nxa5 b6 14.e5 dxe5 15.fxe5 Nd7
16.Bd5 Bc5 17.Bxa8 Bxe3+ 18.Kh1 bxa5 19.Qd6 Qa7 20.Be4 Bb6 21.Rad1 Bc7 22.Qe7
Nxe5 23.Bxh7+ Kxh7 24.Qxf8 Bb7 25.Rxf7 Nxf7 26.Qxf7 Qc5 27.Rd3 {#r} 1-0

[Event "It (open)"]
[Site "masterchessopen.com – Ubeda (Spain)"]
[Round "7"]
[White "Konguvel Ponnuswamy (IND)"]
[Black "Fernandez Siles Luis (ESP)"]
[Result "1-0"]
[WhiteElo "2410"]
[BlackElo "2280"]

1.e4 c5 2.Nf3 Nc6 3.d4 cxd4 4.Nxd4 Nf6 5.Nc3 d6 6.Bc4 Qb6 7.Nxc6 bxc6 8.O-O e6
9.Qe2 Nd7 10.b3 Be7 11.Bb2 O-O 12.Na4 Qc7 13.f4 Bb7 14.Rad1 Rae8 15.Rd3 d5
16.Rh3 Nf6 17.Bxf6 Bxf6 18.e5 Be7 19.Qh5 h6 20.Bd3 Kh8 21.Rff3 Rg8 22.Rfg3 Bf8
23.Qg5 {#r} 1-0

[Event "It (cat.9)"]
[Site "masterchessopen.com – Villa Martelli (Argentina)"]
[Round "4"]
[White "Miserendino Alfredo (ARG)"]
[Black "Zarnicki Pablo (ARG)"]
[Result "0-1"]
[WhiteElo "2174"]
[BlackElo "2515"]

1.e4 c5 2.Nf3 d6 3.d4 cxd4 4.Nxd4 Nf6 5.Nc3 Nc6 6.Bc4 Qb6 7.Be3 Qxb2 8.Ndb5
Qb4 9.Qe2 Bg4 10.f3 Nxe4 11.Bd2 Nxd2 12.Nc7+ Kd8 13.Kxd2 Ne5 14.Bd3 Kxc7
15.fxg4 g6 16.g5 Bg7 17.Rab1 Qf4+ 18.Kd1 e6 19.Rf1 Qxg5 20.Be4 Rab8 21.Rb3
Rhc8 22.Rb5 f5 23.Bf3 Kd8 24.Nb1 Bh6 25.Nd2 Nc4 26.Rf2 Qxd2+ 27.Qxd2 Nxd2 {#R}
0-1

[Event "Ch Yugoslavia (team) (1 liga)"]
[Site "masterchessopen.com – Vrnjacka Banja (Serbia)"]
[Round "1"]
[White "Ivanovic Bozidar (MNE)"]
[Black "Damljanovic Branko (SRB)"]
[Result "0-1"]
[WhiteElo "2510"]
[BlackElo "2555"]

1.e4 c5 2.Nf3 d6 3.d4 cxd4 4.Nxd4 Nf6 5.Nc3 Nc6 6.Bc4 Qb6 7.Nb3 e6 8.O-O Be7
9.Be3 Qc7 10.f4 a6 11.Bd3 b5 12.a3 Rb8 13.Kh1 O-O 14.Qe2 b4 15.axb4 Nxb4
16.Na5 Bd7 17.g4 d5 18.e5 Ne4 19.Bxe4 dxe4 20.f5 Rfc8 21.f6 Bf8 22.fxg7 Bxg7
23.Qf2 Bb5 24.Nxb5 Rxb5 25.Nb3 Nxc2 {#R} 0-1

[Event "Ch Polizei"]
[Site "masterchessopen.com – Wiesbaden (Germany)"]
[Round "4"]
[White "Dyck Lothar (GER)"]
[Black "Croneis Herwig (GER)"]
[Result "0-1"]
[WhiteElo "1496"]
[BlackElo "1693"]

1.e4 c5 2.Nf3 Nc6 3.d4 cxd4 4.Nxd4 d6 5.Nc3 Nf6 6.Bc4 g6 7.O-O Bg7 8.Bf4 O-O
9.Re1 Nxd4 10.Qxd4 e5 11.Bxe5 dxe5 12.Qxe5 Re8 13.Qb5 Qc7 14.e5 Bd7 15.Qb3
Rxe5 16.Bxf7+ Kf8 17.Bc4 Be6 18.f4 Rxe1+ 19.Rxe1 Qb6+ 20.Kf1 Qxb3 21.Bxb3 Re8
22.Rd1 Ng4 23.Kg1 Bxc3 24.bxc3 {#R} 0-1

[Event "Ch Poland (team) (2nd liga)"]
[Site "masterchessopen.com – Wisla (Poland)"]
[Round "0"]
[White "Andrzejewska Edyta (POL)"]
[Black "Janiszyn Elzbieta (POL)"]
[Result "1-0"]
[WhiteElo "2105"]
[BlackElo "1984"]

1.e4 c5 2.Nf3 Nc6 3.d4 cxd4 4.Nxd4 Nf6 5.Nc3 d6 6.Bc4 g6 7.Nxc6 bxc6 8.e5 Ng8
9.Qf3 f6 10.Bxg8 Rxg8 11.exf6 exf6 12.Qxc6+ Bd7 13.Qe4+ Be7 14.Qd5 Rf8 15.O-O
Rc8 16.Re1 Bc6 17.Qd4 Qc7 18.Bf4 Kd7 19.Qe3 Rce8 20.Qe6+ Kd8 21.Rad1 Bd7
22.Qd5 f5 23.Rxe7 {#r} 1-0

[Event "Ch Poland (team) (juniors) (under 20)"]
[Site "masterchessopen.com – Rowy (Poland)"]
[Date "1998.08.21"]
[Round "2"]
[White "Kucypera Malgorzata (POL)"]
[Black "Skrochocka Justyna (POL)"]
[Result "1-0"]
[WhiteElo "2050"]
[BlackElo "2017"]

1.e4 c5 2.Nf3 Nc6 3.d4 cxd4 4.Nxd4 Nf6 5.Nc3 d6 6.Bc4 Qb6 7.Nxc6 bxc6 8.Be3
Qc7 9.O-O e6 10.f4 Be7 11.Qf3 Nd7 12.Rae1 O-O 13.Qh5 Nf6 14.Qh3 Bb7 15.Rf3 c5
16.Rg3 Kh8 17.Bd2 d5 18.exd5 exd5 19.Bd3 c4 20.Bf5 Bc5+ 21.Kh1 Bf2 22.Nxd5
Bxd5 23.Bc3 Bxg3 24.Bxf6 Bxg2+ 25.Kg1 Qc6 26.Be4 {#r} 1-0

[Event "It (open)"]
[Site "masterchessopen.com – Algarve (Portugal)"]
[Round "3"]
[White "Boino Claudio (POR)"]
[Black "Georgiev Vladimir (MKD)"]
[Result "0-1"]
[WhiteElo "2111"]
[BlackElo "2519"]

1.e4 c5 2.Nf3 Nc6 3.d4 cxd4 4.Nxd4 Nf6 5.Nc3 d6 6.Bc4 Bd7 7.Be3 Ng4 8.Nxc6
bxc6 9.O-O Nxe3 10.fxe3 e6 11.Qf3 Qf6 12.Qh5 Qg6 13.Qa5 Be7 14.Rf3 O-O 15.Raf1
Qg5 16.Qxg5 Bxg5 17.e5 d5 18.Be2 c5 19.Bb5 Bxb5 20.Nxb5 Rab8 21.Nc7 Be7 22.b3
Rb7 23.Na6 Rb6 24.Nc7 Bd8 25.Ne8 Rxe8 26.Rxf7 Be7 {#R} 0-1